| 000 | 00685nam a2200217Ia 4500 | ||
|---|---|---|---|
| 003 | OSt | ||
| 005 | 20251117093541.0 | ||
| 008 | 210210b2006 xxu||||| |||| 00| 0 eng d | ||
| 040 | _cAL | ||
| 041 | _aKannada | ||
| 082 | _aK894.3 ARAT | ||
| 100 |
_aARATI VENKATESH _d ಆರತಿ ವೆಂಕಟೇಶ್ _9245768 |
||
| 245 |
_aTallanisadiru manave mattu karmodagalu _b ತಲ್ಲಣಿಸದಿರು ಮನವೆ ಮತ್ತು ಕಾರ್ಮೋಡಗಳು |
||
| 260 |
_aBengaluru _bNot Mentioned _c2006 |
||
| 300 | _a176 | ||
| 650 |
_amini kadambarigalu _9245769 |
||
| 650 |
_aEradu _9245770 |
||
| 690 |
_aKannada Fiction _9245771 |
||
| 906 | _a063119 | ||
| 942 |
_2ddc _cBK |
||
| 999 |
_c134363 _d134363 |
||